000
00293nam a22001337a 4500
008
170724b xxu||||| |||| 00| 0 eng d
020
_a
9780201612431
041
_a
eng
080
_a
004
100
_a
29
101
_a
SHKI
245
_a
KARNEL PROJECTS FOR LINUX
_c
NUTT, G
942
_2
udc
_c
BK
999
_c
21828
_d
21828